1486 1637 1399 1706 1953 1238 1011 1617 1832 1669 1689 1368 1413 1194 1456 1790 1731 1926 1085 1165 1633 1666 1771 1720 1863 1088 1438 1838 1539 1658 1441 1938 1874 1301 1494 1997 1870 1772 1946 1243 1880 1359 1788 1168 1228 1323 1274 1841 1124 1106 1608 1746 1766 1118 1008 1518 1693 1206 1074 1808 1201 1972 1392 1623 1954 1134 1832 1039 1398 1308 1520 1295 1704 1694 1876 1081 1633 1552 1866 1541 1904 1380 1555 1332 1577 1359 1467 1311 1156 1951 1507 1108 1085 1165 1836 1770 1381 1474 1569 BCNSPRNW ULIB Ver.6.0+V

เปลี่ยนเป็นภาษาไทย

Change to English
 แสดงรายละเอียดบรรณานุกรม
  กลับหน้าหลัก

Brief Record : Get Marc (ISO 2709) : E-mail record : QR code < ปิดหน้าต่าง
LEADER : 00000nam a2200000 a 4500
001    13399128333
003     ULIB
008    221219s2565 th a 001 0 tha d
020    ^a9789740341543
040    ^acl
060 04 ^aWY160^bส786ท 2565
100 0  ^aสุธีกาญจน์ ไชยลาภ
245 10 ^aทฤษฎีและกระบวนการพยาบาลบุคคลที่มีภาวะสูญเสีย เศร้าโศก ซึมเศร้าและเสี่ยงต่อการทำอัตวินิบาตกรรม /^cสุธีกาญจน์ ไชยลาภ
250    ^aพิมพ์ครั้งที่ 1
260    ^aกรุงเทพฯ :^bสำนักพิมพ์จุฬาลงกรณ์มหาวิทยาลัย,^c2565
300    ^a442, [8] หน้า :^bภาพประกอบ ;^c26 ซม.
504    ^aมีบรรณานุกรมและดัชนี
505 0  ^aภาวะเศร้าโศกจากการสูญเสีย -- ภาวะซึมเศร้า --พฤติกรรมเสี่ยงต่อการทำร้ายตนเองและการทำอัตวินิบาตกรรม (การฆ่าตัวตาย)-- การประยุกต์แนวคิดและทฤษฎีในการพยาบาลสุขภาพจิตและจิตเวช --การพยาบาลบุคคลที่มีภาวะเศร้าโศกจากการสูญเสีย --การพยาบาลผู้ป่วยโรคซึมเศร้า --การพยาบาลบุคคลที่มีพฤติกรรมเสี่ยงต่อการทำร้ายตนเองและการทำอัตวินิบาตกรรม (การฆ่าตัวตาย)
650  2 ^aPsychiatric Nursing
650  4 ^aการพยาบาลจิตเวชศาสตร์
650  4 ^aความซึมเศร้า^xการพยาบาล
650  4 ^aการฆ่าตัวตาย^xการรักษา
945    ^p460^l0^i29572
945    ^p460^l0^i29573
945    ^p460^l0^i29574
995    ^aกัณชพร จุลอักษร
999    ^aกัณชพร
รายการนี้ยังไม่มีแท็ก
คุณยังไม่ได้ล็อกอิน คุณสามารถมีกิจกรรมร่วมกับเว็บไซต์ได้ แต่ต้องล็อกอินก่อน ::
  ล็อกอิน

รายการสื่อสารสนเทศ

ลำดับที่ ประเภท เลขเรียก/บาร์โค้ด สถานที่ สถานะ
1. หนังสือสำรอง
หนังสือสำรอง
WY160 ส786ท 2565 ฉ.1 
  Barcode: 29572
ห้องสมุดวิทยาเขตนครสวรรค์
►หนังสือทั่วไป:l:General Books
บนชั้น
2. วิทยาศาสตร์การแพทย์ และสุขภาพ
วิทยาศาสตร์การแพทย์ และสุขภาพ
WY160 ส786ท 2565 ฉ.2 
  Barcode: 29573
ห้องสมุดวิทยาเขตนครสวรรค์
►หนังสือทั่วไป:l:General Books
บนชั้น
3. วิทยาศาสตร์การแพทย์ และสุขภาพ
วิทยาศาสตร์การแพทย์ และสุขภาพ
WY160 ส786ท 2565 ฉ.3 
  Barcode: 29574
ห้องสมุดวิทยาเขตนครสวรรค์
►หนังสือทั่วไป:l:General Books
บนชั้น

รายการใกล้เคียง
    ผู้แต่ง [สุธีกาญจน์ ไชยลาภ]

    หัวเรื่อง [Psychiatric Nursing]
    หัวเรื่อง [การพยาบาลจิตเวชศาสตร์]

BibComment


ยังไม่เคยถูกคอมเมนท์

คอมเมนท์ทรัพยากรรายการนี้
  คอมเมนท์: ทฤษฎีและกระบวนกา..


 Copyright 2026. Bcnsprnw @Library